LEADER 02462nam 2200385 450 001 9910765541703321 005 20240215175035.0 010 $a1-80355-922-5 035 $a(CKB)5580000000706345 035 $a(NjHacI)995580000000706345 035 $a(EXLCZ)995580000000706345 100 $a20240215d2023 uy 0 101 0 $aeng 135 $aur||||||||||| 181 $ctxt$2rdacontent 182 $cc$2rdamedia 183 $acr$2rdacarrier 200 10$aPancreatic Cancer $eUpdates in Pathogenesis, Diagnosis and Therapies /$fEmad Hamdy Gad 210 1$aLondon, England :$cIntechOpen,$d2023. 215 $a1 online resource (128 pages) $cillustrations 311 $a1-80355-921-7 327 $aTable of Contents -- 1. Introductory Chapter: Pancreatic Cancer - How to Prevent, Screen, and Detect? -- 2. Obesity and Pancreatic Cancer: Its Role in Oncogenesis -- 3. Epidemiology and Risk Factors of Pancreatic Cancer -- 4. Pancreatic Cancer: Updates in Pathogenesis and Therapies -- 5. Pancreatic Tumorigenesis: Precursors, Genetic Risk Factors and Screening -- 6. Surgical Options to Mitigate the Consequences of Pancreatic Anastomosis Leak after Pancreaticoduodenectomy -- 7. Acute Pancreatitis in Children with Acute Lymphoblastic Leukemia Using L-Asparaginase: A Review of the Literature. 330 $aPancreatic Cancer - Updates in Pathogenesis, Diagnosis and Therapies presents the most recent knowledge on pancreatic cancer, which is a deadly, challenging and catastrophic tumor with a high mortality rate. It is the seventh leading cause of cancer-related mortality worldwide. Pancreatic cancer can be diagnosed clinically, by laboratory measures, by imaging, and by pathological detection. Understanding tumor pathogenesis as well as tumor risk factors is necessary for successful treatment, as is early detection and multidisciplinary treatment. This book provides a comprehensive overview of pancreatic cancer in four sections. Chapters address such topics as prevention, screening, and detection; pathogenesis and risk factors; and pathology and management. 606 $aPancreas$xCancer 606 $aPancreas$xCancer$xTreatment 615 0$aPancreas$xCancer. 615 0$aPancreas$xCancer$xTreatment. 676 $a616.99437 700 $aGad$b Emad Hamdy$01612641 801 0$bNjHacI 801 1$bNjHacl 906 $aBOOK 912 $a9910765541703321 996 $aPancreatic Cancer$93941557 997 $aUNINA